| 000 -ლიდერი |
| ფიქსირებული სიგრძის საკონტროლო ველი |
01410nam a22002177a 4500 |
| 003 - საკონტროლო ნომრის იდენტიფიკატორი |
| საკონტროლო ველი |
Ge_BSU |
| 005 - ბოლო ოპერაციის თარიღი და დრო |
| საკონტროლო ველი |
20210705143453.0 |
| 008 - ფიქსირებული სიგრძის მონაცემთა ელემენტები - ზოგადი ინფორმაცია |
| ფიქსირებული სიგრძის საკონტროლო ველი |
210705s2004 ge ||||| |||| 00| 0 geo d |
| 020 ## - წიგნის საერთაშორისო სტანდარტული ნომერი |
| International Standard Book Number |
9994018302 |
| 041 ## - ენის კოდი |
| Language code of text/sound track or separate title |
geo |
| 080 ## - უნივერსალური ათობითი კლასიფიკაციის ინდექსი |
| Universal Decimal Classification number |
336.763(479.22)+347.457(479.22)(094.5.072) ჯ-42 |
| 100 ## - მთავარი ჩანაწერი - პიროვნების სახელი |
| Personal name |
ჯიბუტი, მიხეილ |
| 9 (RLIN) |
12182 |
| 245 ## - ცნობა სათაურის შესახებ |
| Title |
"ფასიანი ქაღალდების ბაზრის შესახებ" საქართველოს კანონის კომენტარი / |
| Statement of responsibility, etc |
მიხეილ ჯიბუტი; ქართლოს ყორანაშვილი; რედაქტორი: გიორგი ლოლაძე. |
| 264 ## - წარმოების, გამოცემის, დისტრიბუციის და სხვა ცნობები |
| გამოცემის, წარმოების, დისტრიბუციის... ადგილი |
თბილისი : |
| გამოცემის, წარმოების, დისტრიბუციის... სახელწოდება |
საქართველოს ფასიანი ქაღალდების ინდუსტრიის ასოციაცია, |
| გამოცემის, წარმოების, დისტრიბუციის... თარიღი |
2004. |
| 300 ## - ფიზიკური აღწერა |
| Extent |
431 გვ. : |
| Other physical details |
ცხ. ; |
| Dimensions |
21 სმ. |
| 653 ## - INDEX TERM--UNCONTROLLED |
| Uncontrolled term |
ფასიანი ქაღალდების საჯარო შეთავაზება |
| 653 ## - INDEX TERM--UNCONTROLLED |
| Uncontrolled term |
ფასიანი ქაღალდებით საჯარო ვაჭრობა |
| 700 ## - ADDED ENTRY--PERSONAL NAME |
| Personal name |
ყორანაშვილი, ქართლოს |
| Relator term |
ავტორი |
| 9 (RLIN) |
12183 |
| 700 ## - ADDED ENTRY--PERSONAL NAME |
| Personal name |
ლოლაძე, გიორგი |
| Relator term |
მთავარი რედაქტორი |
| 9 (RLIN) |
12184 |
| 942 ## - ADDED ENTRY ELEMENTS (KOHA) |
| Source of classification or shelving scheme |
|
| Koha item type |
წიგნი |